| 000 | 00381nam a22001457a 4500 | ||
|---|---|---|---|
| 008 | 250424b |||||||| |||| 00| 0 eng d | ||
| 020 | _a0538051809 | ||
| 050 |
_aHF 5721 _b.B87 |
||
| 100 | _aBurtness Paul S | ||
| 245 | _aEffective English For Business Communication | ||
| 250 | _a7th | ||
| 260 |
_aChicago _bSouth-Western Publishing Company _c1980 |
||
| 300 | _a595p. | ||
| 942 | _cBK | ||
| 999 |
_c3161 _d3161 |
||